000 00250nam a2200097Ia 4500
008 200302s9999 xx 000 0 und d
100 _aFrrabcusco Asensio Cerver
245 _aCommercial Space Office, Design
260 _bPaco Asensio
300 _a142 P.,
999 _c2328
_d2328